000 00341 a2200145 4500
001 151032
040 _cEscola São Tomás de Aquino
100 _aMACHADO, Ana Maria
240 1 0 _aO veado e a onça
_lpor
245 1 0 _aO veado e a onça
362 0 _a1996
440 1 _aFTD
697 _aFolclore / Adivinhações / Lendas
942 _cBK
999 _c151032
_d151032